Terytoria zależne Europy - Statystyki

Ogólne statystyki
  • Ten quiz został rozwiązany 9 razy
  • Średni wynik to 6 z 8
Statystyki odpowiedzi
Odpowiedź % Poprawnych
Gibraltar
100%
Wyspa Man
89%
Wyspy Owcze
89%
Guernsey
67%
Jersey
67%
Wyspy Alandzkie
67%
Jan Mayen
56%
Svalbard
56%
Nie znaleziono quizów pasujących do podanych kryteriów
Rozkład punktacji
Procent ludzi z każdym wynikiem
Percentyl według liczby udzielonych odpowiedzi
Twoja historia wyników
Nie rozwiązałeś tego quizu